| 000 | 01344nam a2200349 a 4500 | ||
|---|---|---|---|
| 999 |
_c12518 _d12518 |
||
| 001 | 15153135 | ||
| 003 | BD-JhCC | ||
| 005 | 20220612125707.0 | ||
| 008 | 080124s2008 nyu b 001 0 eng | ||
| 020 | _a0230604552 | ||
| 020 | _a9780230604551 | ||
| 035 | _a(BD-JhCC)12518 | ||
| 040 |
_aDLC _cDLC _dBTCTA _dBAKER _dYDXCP _dOCLCG _dC#P _dBWX _dCDX _dHEBIS _dW2U _dDLC _dBD-JhCC |
||
| 041 | _aeng | ||
| 050 | 0 | 0 |
_aE183.8.C5 _bA665 2008 |
| 082 | 0 | 0 |
_a327.73051 _222 _bALI 2008 |
| 100 | 1 |
_aAli, S. Mahmud, _d1952- |
|
| 245 | 1 | 0 |
_aU.S.-China relations in the "Asia-Pacific" century / _cS. Mahmud Ali. |
| 246 | 3 | _aUS-China relations in the "Asia-Pacific" century | |
| 250 | _a1st ed. | ||
| 260 |
_aNew York, NY : _bPalgrave Macmillan, _c2008. |
||
| 300 |
_axvi, 268 p. ; _c22 cm. |
||
| 504 | _aIncludes bibliographical references (p. [259]-261) and index. | ||
| 505 | 0 | _aThe Clinton roller coaster -- Turbulent times -- Reassessment and renewal -- Look back in bewilderment -- Peer-rivals and deterrence -- Strategic triangles. | |
| 651 | 0 |
_aUnited States _xForeign relations _zChina. |
|
| 651 | 0 |
_aChina _xForeign relations _zUnited States. |
|
| 651 | 0 |
_aUnited States _xRelations _zChina. |
|
| 651 | 0 |
_aChina _xRelations _zUnited States. |
|
| 651 | 0 |
_aPacific Area _xStrategic aspects. |
|
| 651 | 0 |
_aAsia _xStrategic aspects. |
|
| 942 |
_2ddc _cBK |
||